00548nam a2200181 a 45000010010000000030011000100080041000210350026000620820014000881000025001022450038001272600039001656500024002049420012002289520091002409980020003319990015003510000-8537ELIB.Books110520 1957  a(ELIB.Books)0000-8682 a268 bAnd aAnderson, Bernhard W aThe Unfoleling Drama of the Bible bNew York: Association Press c1957 aChristian Education 2ddccBK 00102ddc4070aKBTSbKBTSd2011-05-20l0p11041r2022-01-22 00:00:00w2022-01-22yBK cbate2011-05-20 c8537d8537